Blaming technology : the irrational search for scapegoats

Αποθηκεύτηκε σε:
Λεπτομέρειες βιβλιογραφικής εγγραφής
Κύριος συγγραφέας: Florman, Samuel C.
Μορφή: Βιβλίο
Γλώσσα:English
Δημοσίευση: New York : St. Martin's, 1981
Θέματα:
Ετικέτες: Προσθήκη ετικέτας
Δεν υπάρχουν, Καταχωρήστε ετικέτα πρώτοι!

MARC

LEADER 00000nam a2200000 i 4500
001 1/72539
008 961213s1981 eng d
020 |a 0-312-08363-7 
035 |l 10003000 
040 |a GR-MY-UA  |b gre  |e aacr 
041 0 |a eng 
082 0 |a 306.4 
100 1 |a Florman, Samuel C. 
245 1 0 |a Blaming technology :  |b the irrational search for scapegoats /  |c Samuel C. Florman 
260 |a New York :   |b St. Martin's,   |c 1981 
300 |a 207 p. 
504 |a Includes index 
650 0 0 |a Technology. 
852 |a INST  |b LESVOS  |e 19961213  |h 306.4 FLO  |p 005100008778  |q 005100008778  |t BK  |y 0 
909 |a Λ  |b 02424